000 002870000a22001090004500
100 1 _aLee, Martin
245 1 0 _aGlobal connections : Association with the marginalised
300 _aVol.23, núm.2 (Junio-Agosto, 2005), Páginas
500 _aSupplement
773 0 _tEvangel
942 _cANA
999 _c60537
_d60537